| 000 | 00324nam a22001337a 4500 | ||
|---|---|---|---|
| 020 | _a0669168025 | ||
| 040 | _cNust | ||
| 082 |
_a510 _bLAR'F |
||
| 100 |
_aLarson _9127007 |
||
| 245 | _aFinite mathematics | ||
| 260 |
_aToronto: _bD C health and company, _c1991. |
||
| 650 |
_aFinite mathematics _933075 |
||
| 942 |
_2ddc _cBK |
||
| 999 |
_c612375 _d612375 |
||